شعو ر غم شعو ر بند گی (Record no. 178890)

MARC details
000 -LEADER
fixed length control field 00639nam a22001937a 4500
005 - DATE AND TIME OF LATEST TRANSACTION
control field 20210426105858.0
010 ## - LCCN (DPL NO)
LC control number UR-11097
020 ## - INTERNATIONAL STANDARD BOOK NUMBER
Terms of availability 330.00
International Standard Book Number -
035 ## - SYSTEM CONTROL NUMBER
System control number U-9652
037 ## - SOURCE OF ACQUISITION
Source of stock number/acquisition DBAD/PUB
082 ## - DEWEY DECIMAL CLASSIFICATION NUMBER
Classification number 841
100 ## - MAIN ENTRY--PERSONAL NAME
Personal name مو لف:يو سف بہز ا د
245 ## - TITLE STATEMENT
Title شعو ر غم شعو ر بند گی
Statement of responsibility, etc مو لف:يو سف بہز ا د
246 ## - VARYING FORM OF TITLE
Title proper/short title Shaor-e-Gham Shaor-e-Bandagi (Urdu)
Remainder of title by Mohd. Yousuf Behzaad
260 ## - PUBLICATION, DISTRIBUTION, ETC. (IMPRINT)
Place of publication, distribution, etc New Delhi
Date of publication, distribution, etc 2021ء
Name of publisher, distributor, etc Applied Books
270 ## - ADDRESS
Address 1739/104, Darya Ganj Patoudi House
City N Delhi
Postal code 110002
Fax number -
300 ## - PHYSICAL DESCRIPTION
Extent 280 ص
Dimensions 22 Cm(Hb)
942 ## - ADDED ENTRY ELEMENTS (KOHA)
Source of classification or shelving scheme Dewey Decimal Classification
Item type Urdu Bks
Classification part 841
Call number suffix ب ہ ز
Holdings
Withdrawn status Lost status Not for loan Collection code Home library Current library Date acquired Source of acquisition Cost, normal purchase price Full call number Barcode Copy number Cost, replacement price Koha item type
      Non-fiction D.B.Act.Division Central Library 26/04/2021 DBAD/PUB 330.00 841 ب ہ ز U-9652 1 330.00 Urdu Bks

© Delhi Public Library
Hit Counter
free hit counter